Pericia geográfica de Miguel de Cervantes, demostrada con la historia de Don Quijote de La Mancha

Gorde:
Xehetasun bibliografikoak
Egile nagusia: Caballero, Fermín (Egilea)
Formatua: Liburua
Hizkuntza:gaztelania
Argitaratua: Madrid Sucesores de Hernando 1918
Edizioa:1a. ed
Saila:Biblioteca Universal. Colección de los Mejores Autores Antiguos y Modernos, Nacionales y Extranjeros, 173
Gaiak:
Etiketak: Etiketa erantsi
Etiketarik gabe, Izan zaitez lehena erregistro honi etiketa jartzen!

MARC

LEADER 00000nam a2200000 a 4500
001 UCH0328
003 CL-VaPUC
008 090306e19180000SP |||||||||||||||||spa|d
082 0 4 |a 864.9  |b CAB  |2 21 
100 |a Caballero, Fermín  |e author  |9 534504 
245 1 0 |a Pericia geográfica de Miguel de Cervantes, demostrada con la historia de Don Quijote de La Mancha 
250 |a 1a. ed 
300 |a 176 p 
942 |c BK 
945 |d 20090306 00:00:00  |a cmena 
260 |a Madrid  |b Sucesores de Hernando  |c 1918 
600 0 |a Cervantes y Saavedra, Miguel de  |9 267947 
650 7 |a NOVELA ESPAÑOLA  |2 CL-VaPUC  |9 313139 
650 7 |a DESCRIPCION GEOGRAFICA  |2 CL-VaPUC  |9 534505 
650 0 |a Interpretación literaria  |9 415895 
583 |a last modification  |c 20090306 00:00:00  |k Rodrigo Vera 
490 0 |a Biblioteca Universal. Colección de los Mejores Autores Antiguos y Modernos, Nacionales y Extranjeros, 173 
999 |c 332661  |d 332659 
952 |0 0  |1 0  |4 0  |6 864_900000000000000_CAB_1918  |7 0  |8 A  |9 420517  |a BIBEDU  |b BIBEDU  |d 2019-11-22  |i 4519523  |o 864.9 CAB 1918  |p 4519523  |r 2019-11-22  |w 2019-11-22  |y BK  |k LIT